333 Tracklist (Bladee) - Statistics

General Stats
  • This quiz has been taken 26 times
  • The average score is 10 of 16
Answer Stats
Hint Answer % Correct
8 Reality Surf
88%
6 Mean Girls
82%
12 Valerie
76%
9 Noblest Strive
71%
16 Swan Lake
71%
5 100s
65%
4 Hero Of My Story 3style3
65%
3 Keys To The City
65%
10 It Girl
59%
11 Oh Well
59%
15 Only One
59%
2 Don't Worry
53%
1 Wings In Motion
53%
14 Exstasia
47%
7 Innocent Of All Things
41%
13 Finder
35%
No matching quizzes found
Score Distribution
Percent of People with Each Score
Percentile by Number Answered
Your Score History
You have not taken this quiz